| 000 | 00665nam a2200241Ia 4500 | ||
|---|---|---|---|
| 008 | 160803s9999 xx 000 0 und d | ||
| 020 | _a9780590451628 | ||
| 100 | _aMcGovern, Ann | ||
| 245 | _aIf you lived with the Sioux Indians / | ||
| 245 | _cby Ann McGovern ; illustrated by Jean Syverud Drew. | ||
| 260 | _aNew York : | ||
| 260 | _bScholastic Inc. | ||
| 260 | _c1974 | ||
| 300 | _a80 pages : | ||
| 300 | _billustrations ; | ||
| 300 | _c20 x 24 cm | ||
| 500 | _a"Cover-craft." | ||
| 650 | _aDakota Indians -- | ||
| 650 | _aIndians of North America -- | ||
| 650 | _xJuvenile literature. | ||
| 650 | _xJuvenile literature. | ||
| 700 | _a690 | ||
| 999 |
_c299151 _d299151 |
||